Dāna, gift system in ancient India, c. 600 B.C.-c. A.D. 300 : (Record no. 1848367)

MARC details
000 -LEADER
fixed length control field 00642nam a2200205 a 4500
003 - CONTROL NUMBER IDENTIFIER
control field OSt
005 - DATE AND TIME OF LATEST TRANSACTION
control field 20260422114307.0
008 - FIXED-LENGTH DATA ELEMENTS--GENERAL INFORMATION
fixed length control field 880204s1987 ii b 001 0 eng
020 ## - INTERNATIONAL STANDARD BOOK NUMBER
International Standard Book Number 8121500540
040 ## - CATALOGING SOURCE
Transcribing agency HDL
Language of cataloging eng
082 00 - DEWEY DECIMAL CLASSIFICATION NUMBER
Classification number 2945 M7
100 1# - MAIN ENTRY--PERSONAL NAME
Personal name Nath, Vijay.
9 (RLIN) 1109601
245 10 - TITLE STATEMENT
Title Dāna, gift system in ancient India, c. 600 B.C.-c. A.D. 300 :
Remainder of title a socio-economic perspective /
Statement of responsibility, etc. Vijay Nath.
260 ## - PUBLICATION, DISTRIBUTION, ETC.
Place of publication, distribution, etc. New Delhi :
Name of publisher, distributor, etc. Munshiram Manoharlal Publishers,
Date of publication, distribution, etc. 1987.
300 ## - PHYSICAL DESCRIPTION
Extent xvi, 309 p.
650 ## - SUBJECT ADDED ENTRY--TOPICAL TERM
Topical term or geographic name entry element Gift System
9 (RLIN) 1235352
651 #0 - SUBJECT ADDED ENTRY--GEOGRAPHIC NAME
Geographic name India
General subdivision Social life and customs
9 (RLIN) 1112475
942 ## - ADDED ENTRY ELEMENTS (KOHA)
Source of classification or shelving scheme Colon Classification (CC)
Koha item type Textual
Suppress in OPAC No
Holdings
Withdrawn status Lost status Source of classification or shelving scheme Damaged status Not for loan Home library Current library Date acquired Total Checkouts Date last seen Price effective from Koha item type
    Colon Classification (CC)     Department of History Library Department of History Library 2026-04-22   2026-04-22 2026-04-22 Textual
Copyright @ Delhi University Library System